| 000 | 00632nam a2200205 4500 | ||
|---|---|---|---|
| 001 | 113472 | ||
| 003 | ES-MaACL | ||
| 005 | 20250728180252.0 | ||
| 007 | t| | ||
| 008 | 061121s1965 sp r ||||1| spa d | ||
| 100 | 1 |
_aNobecourt, Jacques. _985799 |
|
| 245 | 1 | 1 |
_a"El vicario` y la historia / _cJacques Nobecourt ; traducción de J. LL. Marfany. |
| 260 |
_aBarcelona : _bVicens-Vives, _c1965. |
||
| 300 |
_a412 p. ; _c20 cm. |
||
| 490 | 1 |
_aNova crónica ; _v1 |
|
| 700 | 1 |
_aMarfany, Joan-Lluís, _d1943- _976601 |
|
| 830 | 0 |
_aNova crónica ; _v1 _9233194 |
|
| 852 |
_aES-MaACL _jC-28782 _bR.58125 |
||
| 999 |
_c113472 _d113472 |
||